000 00931nam a2200217Ii 4500
003 JO-AjNU
008 230605s9999||||xx |||||||||||||| ||und||
020 _a9960-24-030-4/9960-24-061-4
040 _aJO-AjNU
_bara
_erda
_cJO-AjNU
041 _aara
050 1 4 _aHF 5635.K512 2008
100 3 _aنأليف: كيسو،دونالد /م. مشارك: جيري ويجانت؛ تعريب: احمد حامد الحجاج ؛ تقديم: سلطان المحمد السلطان,
_eauthor
_931426
245 0 0 _aالمحاسبة المتوسطة، ج2 = Intermediate Accounting
250 _aط العربية 2
264 3 1 _aالرياض: دار المريخ للنشر والتوزيع ،2008
300 _a ج2، 655-1408ص
_bيحتوي على مصطلحات من ص 1403-1408ص
336 _atext
_btxt
_2rdacontent
337 _aunmediated
_bn
_2rdamedia
338 _avolume
_bnc
_2rdacarrier
650 4 _aالمحاسبة
_931427
999 _aA12569
_c16137
_d16137